000 00410nam a22001697a 4500
005 20160517170610.0
008 160517b xxu||||| |||| 00| 0 eng d
020 _a978-81-259-3124-9
041 _aeng
082 _b2656
100 _aKuchhal M.C.
_9256
245 _aMercantile Law
260 _aNew Delhi
_bVikas Publishing House (P) Ltd.
_c1978
300 _a672
650 _aManagement
_9241
942 _cBK
999 _c966
_d966